000 00384nam a2200145Ia 4500
005 20260328101440.0
008 260328s9999||||xx |||||||||||||| ||und||
100 _aWarren, Geoffrey
245 0 _aAll Color Book of Art Nouveau :
_b 101 Color illustrations /
_cGeoffrey Warren
250 _a5a ed.
260 _bOctopus Books
300 _a70 p.
650 _aART NOUVEAU
942 _cBK
999 _c8241
_d8241